| 000 | 01318nam a2200313 a 4500 | ||
|---|---|---|---|
| 001 | C01497667c-7 | ||
| 003 | CO-ViMGA | ||
| 005 | 20230915233139.0 | ||
| 008 | 151130s2015 ck a gr 000 0 spa d | ||
| 020 | _a9789588780399 | ||
| 040 |
_aCO-ViMGA _bspa _cCO-ViMGA |
||
| 043 | _as-ck--- | ||
| 045 | _ay0y1 | ||
| 082 | 0 | 4 |
_a370.7 _bJ87p |
| 100 | 1 |
_aJurado Valencia, Fabio, _d1954- _94338 |
|
| 245 | 1 | 0 |
_aPremio a la investigación e innovación educativa 2007-2012 : _bun estado del arte / _cFabio Jurado Valencia, Sayra Liliana Benítez, Silvia Alejandra Rey. |
| 260 |
_aBogotá : _bAlcaldía Mayor de Bogotá, _c2015. |
||
| 300 |
_a244 p. : _cil., gráficas,24 cm. |
||
| 490 | 0 |
_aColección investigación e innovación ; _v1 |
|
| 500 | _aIncluye índice | ||
| 504 | _aIncluye referencias bibliográficas (páginas 241-244) | ||
| 610 | 1 | 4 |
_aBogotá (Colombia). _bAlcaldía Mayor. _bInstituto para la Investigación Educativa y el Desarrollo Pedagógico _x Investigaciones _y 2012. _94339 |
| 650 | 1 | 4 |
_aInnovaciones educativas _x Investigaciones _z Bogotá (Colombia) _y 2007-2012. _94341 |
| 650 | 1 | 4 |
_aInvestigación educativa _z Bogotá (Colombia) _y 2007-2012. _94340 |
| 700 | 1 |
_aBenítez, Sayra Liliana. _94342 |
|
| 700 | 1 |
_aRey González, Silvia Alejandra. _94343 |
|
| 942 | _cBK | ||
| 949 | _a | ||
| 999 |
_c35725 _d35725 |
||